[Event "4NCL Division 3 North"]
[Site "Wakefield, ENG"]
[Date "2017.03.19"]
[Round "8.43"]
[White "Timson, Paul F"]
[Black "Johnson, Michael D"]
[Result "1/2-1/2"]
[WhiteElo "2065"]
[BlackElo "1975"]
[Annotator "Barnes,Lara"]
[PlyCount "23"]
[EventDate "2017.03.19"]
[WhiteTeam "Manchester Manticores 2"]
[BlackTeam "Spirit of Atticus B"]

1. d4 Nf6 2. c4 e6 3. Nc3 Bb4 4. e3 Bxc3+ 5. bxc3 d6 6. Nf3 c5 7. Bd3 Nc6 8. e4
e5 9. d5 Na5 10. Bg5 b6 11. O-O h6 12. Bh4 1/2-1/2

[Event "4NCL Division 3 North"]
[Site "Wakefield, ENG"]
[Date "2017.03.19"]
[Round "8.44"]
[White "Cooper, John G"]
[Black "Trueman, Glenn"]
[Result "1/2-1/2"]
[WhiteElo "1943"]
[BlackElo "1982"]
[Annotator "Barnes,Lara"]
[PlyCount "28"]
[EventDate "2017.03.19"]
[WhiteTeam "Spirit of Atticus B"]
[BlackTeam "Manchester Manticores 2"]

1. d4 Nf6 2. Bf4 e6 3. e3 b6 4. Nf3 Bb7 5. Nbd2 Be7 6. h3 O-O 7. Bd3 c5 8. c3
cxd4 9. exd4 d6 10. O-O Nbd7 11. Nc4 Qc7 12. a4 Bd5 13. Ne3 Bb7 14. Nc4 Bd5
1/2-1/2

[Event "4NCL Division 3 North"]
[Site "Wakefield, ENG"]
[Date "2017.03.19"]
[Round "8.45"]
[White "Webster, Richard J"]
[Black "Mort, Andrew J"]
[Result "1-0"]
[WhiteElo "2020"]
[BlackElo "1874"]
[PlyCount "45"]
[EventDate "2017.03.19"]
[WhiteTeam "Manchester Manticores 2"]
[BlackTeam "Spirit of Atticus B"]

1. c4 c5 2. Nf3 Nf6 3. Nc3 e6 4. g3 d5 5. cxd5 exd5 6. d4 Nc6 7. Bg2 Be7 8. O-O
O-O 9. dxc5 Bxc5 10. a3 Bg4 11. b4 Be7 12. Bb2 Rc8 13. Rc1 Re8 14. Qd3 Bxf3 15.
Qxf3 Ne5 16. Qf5 Nc4 17. Nxd5 Nxd5 18. Rxc4 Nb6 19. Rg4 Bf8 20. Bxb7 Rc7 21.
Bf3 Nc4 22. Bf6 Qc8 23. Rxg7+ 1-0

[Event "4NCL Division 3 North"]
[Site "Wakefield, ENG"]
[Date "2017.03.19"]
[Round "8.46"]
[White "Lloyd, Stephen M"]
[Black "Reed, John"]
[Result "0-1"]
[WhiteElo "1787"]
[BlackElo "2012"]
[PlyCount "116"]
[EventDate "2017.03.19"]
[WhiteTeam "Spirit of Atticus B"]
[BlackTeam "Manchester Manticores 2"]

1. d4 d5 2. Nf3 Nc6 3. Bf4 Nf6 4. e3 Bg4 5. Nbd2 e6 6. Be2 Bd6 7. Ne5 Bxe2 8.
Qxe2 O-O 9. O-O Ne7 10. h3 c5 11. c3 Nc6 12. Bg3 Qc7 13. f4 Rac8 14. Bh4 Nd7
15. Qg4 f5 16. Qh5 Nf6 17. Bxf6 Rxf6 18. Ndf3 g6 19. Qh4 Bxe5 20. fxe5 Rff8 21.
Ng5 Rce8 22. Rf2 Qg7 23. Raf1 h6 24. Nf3 cxd4 25. exd4 Ne7 26. Ne1 g5 27. Qg3
f4 28. Qg4 Nf5 29. Nd3 Ne3 30. Qe2 Nxf1 31. Rxf1 Qg6 32. Nc5 Re7 33. Qb5 Qg7
34. Qe2 b6 35. Na6 Qg6 36. Nb4 Ref7 37. Qd3 Qxd3 38. Nxd3 f3 39. g4 Kg7 40. Kf2
Kg6 41. Ke3 h5 42. Rf2 hxg4 43. hxg4 a5 44. a4 Rh7 45. Ne1 Rh1 46. Nxf3 Rf4 47.
Nd2 Rxf2 48. Kxf2 Ra1 49. b3 Rd1 50. Ke2 Rg1 51. Kf3 Rh1 52. c4 Rh2 53. Ke3 Rg2
54. c5 bxc5 55. dxc5 Rxg4 56. c6 Rf4 57. c7 Rf8 58. Nf3 Kf5 0-1

[Event "4NCL Division 3 North"]
[Site "Wakefield, ENG"]
[Date "2017.03.19"]
[Round "8.51"]
[White "Whitfield, Craig M"]
[Black "Barlow, David"]
[Result "1-0"]
[WhiteElo "2095"]
[BlackElo "1997"]
[PlyCount "73"]
[EventDate "2017.03.19"]
[WhiteTeam "Cheddleton 2"]
[BlackTeam "Bradford DCA Knights B"]

1. d4 Nf6 2. Bf4 g6 3. Nc3 d5 4. e3 Bg7 5. h4 h6 6. Be2 c6 7. Nf3 Nbd7 8. a3
Qb6 9. b4 O-O 10. Qb1 Ne4 11. Na4 Qd8 12. c4 Ndf6 13. cxd5 cxd5 14. Qb3 Bg4 15.
Bd3 Rc8 16. Ne5 Bd7 17. Nc5 Nxc5 18. bxc5 b6 19. cxb6 Qxb6 20. Qxb6 axb6 21.
Kd2 Ba4 22. Rhc1 Ne4+ 23. Bxe4 dxe4 24. Nc4 Rc6 25. Rab1 b5 26. Nb2 Ra6 27. Rc3
Rd8 28. Nxa4 Rxa4 29. Rxb5 Rda8 30. Rb8+ Rxb8 31. Bxb8 Bf8 32. Kc2 e6 33. Kb2
Ra5 34. Be5 f6 35. Bc7 Ra7 36. Bb6 Ra6 37. Bc5 1-0

[Event "4NCL Division 3 North"]
[Site "Wakefield, ENG"]
[Date "2017.03.19"]
[Round "8.52"]
[White "Gardiner, Eric D"]
[Black "Richardson, Alex"]
[Result "1/2-1/2"]
[WhiteElo "1941"]
[BlackElo "2152"]
[PlyCount "124"]
[EventDate "2017.03.19"]
[WhiteTeam "Bradford DCA Knights B"]
[BlackTeam "Cheddleton 2"]

1. d4 e6 2. e4 d5 3. e5 c5 4. c3 Nc6 5. Nf3 Bd7 6. a3 c4 7. Bf4 Nge7 8. Be2 h6
9. h4 Nc8 10. Nbd2 Na5 11. Rb1 Nb6 12. Qc1 Be7 13. h5 Qc7 14. Nf1 O-O-O 15. Ng3
Kb8 16. O-O Rdg8 17. Nh2 Ka8 18. Ng4 Nb3 19. Qe3 Qd8 20. Rfe1 Ba4 21. Nf1 Na5
22. Qd2 Bb3 23. Bd1 Ba2 24. Ra1 Nb3 25. Bxb3 Bxb3 26. Be3 Na4 27. Ng3 Bg5 28.
Bxg5 Qxg5 29. Qxg5 hxg5 30. Re2 Kb8 31. Rf1 Rf8 32. f4 gxf4 33. Rxf4 Bd1 34.
Ref2 Kc8 35. Kf1 Kd8 36. Ke1 Bxg4 37. Rxg4 Rh7 38. Kd1 Ke7 39. Kc2 Nb6 40. Rf1
Nd7 41. Re1 Rg8 42. Rg5 Rgh8 43. Re2 Nf8 44. b3 cxb3+ 45. Kxb3 Nd7 46. c4 dxc4+
47. Kxc4 Nb6+ 48. Kb3 Rd8 49. Rd2 Rd5 50. Ne4 Rb5+ 51. Ka2 Nd5 52. Rc2 f6 53.
exf6+ gxf6 54. Rg8 f5 55. Ng5 Rxh5 56. Rcc8 Rh1 57. Nf3 Rhb1 58. Rge8+ Kd6 59.
Red8+ Ke7 60. Re8+ Kd6 61. Red8+ Ke7 62. Re8+ Kd6 1/2-1/2

[Event "4NCL Division 3 North"]
[Site "Wakefield, ENG"]
[Date "2017.03.19"]
[Round "8.53"]
[White "Edwards, Simon R"]
[Black "Bramson, Mike"]
[Result "1-0"]
[WhiteElo "2087"]
[BlackElo "1891"]
[PlyCount "101"]
[EventDate "2017.03.19"]
[WhiteTeam "Cheddleton 2"]
[BlackTeam "Bradford DCA Knights B"]

1. c4 e5 2. g3 Nc6 3. Bg2 Bc5 4. Nc3 Nf6 5. a3 a5 6. e3 d6 7. Nge2 O-O 8. d3
Re8 9. b3 Bf5 10. O-O Qd7 11. Re1 Bh3 12. Nd5 Nxd5 13. Bxd5 Rad8 14. Qd2 Ne7
15. Bh1 Bb6 16. b4 axb4 17. axb4 c6 18. Bb2 Ng6 19. Nc3 f5 20. Na4 Bc7 21. d4
f4 22. d5 Qg4 23. exf4 exf4 24. dxc6 fxg3 25. fxg3 bxc6 26. Bxc6 Ne5 27. Bxe5
dxe5 28. Bd5+ Kh8 29. Qe2 Qd4+ 30. Qe3 Rxd5 31. cxd5 Qxd5 32. Qe4 Qb5 33. Nc3
Qb6+ 34. Kh1 Bc8 35. Nd5 Qb7 36. Nxc7 Qxc7 37. Rec1 Qd7 38. Rd1 Qe7 39. Kg1 g6
40. Ra8 Qe6 41. Qe3 Qc6 42. Rb8 Qc7 43. Rb5 Bb7 44. Rc1 Qg7 45. Rbc5 h6 46. Rc7
Re7 47. Rxe7 Qxe7 48. Qxh6+ Kg8 49. Qxg6+ Kh8 50. Rc4 e4 51. Rc5 1-0

[Event "4NCL Division 3 North"]
[Site "Wakefield, ENG"]
[Date "2017.03.19"]
[Round "8.54"]
[White "Baxter, Harold"]
[Black "Boswell, Jacob Connor"]
[Result "0-1"]
[WhiteElo "1877"]
[BlackElo "1952"]
[PlyCount "84"]
[EventDate "2017.03.19"]
[WhiteTeam "Bradford DCA Knights B"]
[BlackTeam "Cheddleton 2"]

1. Nf3 e6 2. g3 f5 3. d4 Nf6 4. Bg2 Be7 5. c4 O-O 6. Nc3 Qe8 7. O-O Ne4 8. Nd2
Nxc3 9. bxc3 d6 10. Qb3 c6 11. Nf3 Kh8 12. a4 a5 13. Bf4 h6 14. c5 dxc5 15. e4
Na6 16. Rfe1 g5 17. Be5+ Kg8 18. Nd2 f4 19. gxf4 gxf4 20. Bf3 cxd4 21. Kh1 Bf6
22. Rg1+ Kh8 23. cxd4 Bxe5 24. dxe5 Nc5 25. Qc4 b6 26. Qa2 Ba6 27. Nc4 Bxc4 28.
Qxc4 Ra7 29. Qf1 Rg8 30. Qh3 Kh7 31. Bh5 Qd8 32. Rxg8 Qxg8 33. Qf3 Rg7 34. h3
Qb8 35. Qxf4 Nd3 36. Qe3 Qxe5 37. Ra2 Nxf2+ 38. Qxf2 Qxh5 39. Ra3 Qd1+ 40. Kh2
Qd6+ 41. Rg3 Rxg3 42. Qxg3 Qxg3+ 0-1

[Event "4NCL Division 3 North"]
[Site "Wakefield, ENG"]
[Date "2017.03.19"]
[Round "8.55"]
[White "Davison, Colin F S"]
[Black "McCarthy, Damian"]
[Result "1/2-1/2"]
[WhiteElo "1934"]
[BlackElo "1864"]
[PlyCount "83"]
[EventDate "2017.03.19"]
[WhiteTeam "Cheddleton 2"]
[BlackTeam "Bradford DCA Knights B"]

1. c4 c5 2. g3 g6 3. Bg2 Bg7 4. Nf3 Nc6 5. O-O e5 6. Nc3 Nge7 7. d3 O-O 8. Bd2
d6 9. a3 a6 10. Ne1 Rb8 11. Nc2 f5 12. Rb1 f4 13. Ne4 h6 14. b4 cxb4 15. Nxb4
Be6 16. Nc3 Nxb4 17. Rxb4 Nc6 18. Rb1 Kh7 19. e3 Qd7 20. Nd5 fxe3 21. Nxe3 Nd4
22. Be4 Bf5 23. Nxf5 gxf5 24. Bd5 b5 25. Be3 Qe7 26. Bxd4 exd4 27. Qh5 Qg5 28.
Qxg5 hxg5 29. Rfe1 bxc4 30. Bxc4 a5 31. a4 Be5 32. Kg2 Kg6 33. f3 f4 34. g4 Kf6
35. Bd5 Rfc8 36. Bc4 Ke7 37. Kf2 Kd8 38. Rec1 Bf6 39. Ke2 Be5 40. Kd2 Rxb1 41.
Rxb1 Kc7 42. Rb2 1/2-1/2

[Event "4NCL Division 3 North"]
[Site "Wakefield, ENG"]
[Date "2017.03.19"]
[Round "8.56"]
[White "Johnson, Paul A"]
[Black "Edwards, Roger J"]
[Result "1-0"]
[WhiteElo "1871"]
[BlackElo "1657"]
[PlyCount "69"]
[EventDate "2017.03.19"]
[WhiteTeam "Bradford DCA Knights B"]
[BlackTeam "Cheddleton 2"]

1. d4 d5 2. Nf3 Nf6 3. c4 c6 4. Nc3 Bf5 5. cxd5 Nxd5 6. Qb3 Qb6 7. Qxb6 Nxb6 8.
e4 Bg6 9. Ne5 N8d7 10. Nxg6 hxg6 11. Be2 e6 12. Bf4 Nf6 13. O-O Nbd7 14. h3 Be7
15. Rfd1 Nh7 16. d5 cxd5 17. exd5 e5 18. Bh2 O-O 19. d6 Bd8 20. Bb5 Nhf6 21.
Re1 a6 22. Bxd7 Nxd7 23. Bxe5 Nxe5 24. Rxe5 Bf6 25. Rd5 Rfd8 26. Rad1 Rd7 27.
Na4 Rb8 28. Nb6 Rdd8 29. b3 Kf8 30. d7 Be7 31. Rc1 Ba3 32. Rc8 Be7 33. Rxb8
Rxb8 34. Nc8 Kg8 35. Nxe7+ 1-0

[Event "4NCL Division 3 North"]
[Site "Wakefield, ENG"]
[Date "2017.03.19"]
[Round "8.61"]
[White "Naylor, Michael A"]
[Black "Bennett, Patrick"]
[Result "1-0"]
[WhiteElo "1885"]
[BlackElo "2015"]
[PlyCount "107"]
[EventDate "2017.03.19"]
[WhiteTeam "Ashfield Breadsall 2"]
[BlackTeam "Holmes Chapel"]

1. e4 g6 2. d4 Bg7 3. Nc3 d6 4. Be3 a6 5. a4 b6 6. Bc4 Nf6 7. f3 O-O 8. Nge2
Nbd7 9. O-O c5 10. Qd2 cxd4 11. Nxd4 Bb7 12. Rfe1 Re8 13. Nd5 Ne5 14. Qb4 Nxc4
15. Qxc4 Nxd5 16. exd5 Rc8 17. Qb3 Qc7 18. Rac1 Qc4 19. Nc6 Qxb3 20. cxb3 e6
21. Bxb6 Bxb2 22. Rc2 Bf6 23. b4 exd5 24. Rxe8+ Rxe8 25. Kf2 Rc8 26. b5 axb5
27. axb5 Kf8 28. Ke3 Re8+ 29. Kd3 Bc8 30. g4 h5 31. h3 Bd7 32. Bc7 Be5 33. b6
Bc8 34. Nxe5 dxe5 35. Bd6+ Kg8 36. Rxc8 e4+ 37. fxe4 dxe4+ 38. Ke3 Rxc8 39. b7
Re8 40. g5 Kg7 41. b8=Q Rxb8 42. Bxb8 f6 43. h4 f5 44. Kd4 Kf7 45. Ke5 e3 46.
Ba7 e2 47. Bf2 Ke7 48. Be1 Kf7 49. Bb4 Kg7 50. Ke6 f4 51. Bc3+ Kf8 52. Kf6 f3
53. Be1 Ke8 54. Kxg6 1-0

[Event "4NCL Division 3 North"]
[Site "Wakefield, ENG"]
[Date "2017.03.19"]
[Round "8.62"]
[White "Doran, Chris"]
[Black "Somton, Anita"]
[Result "1-0"]
[WhiteElo "1969"]
[BlackElo "1952"]
[PlyCount "61"]
[EventDate "2017.03.19"]
[WhiteTeam "Holmes Chapel"]
[BlackTeam "Ashfield Breadsall 2"]

1. e4 c5 2. Nf3 Nc6 3. d4 cxd4 4. Nxd4 e5 5. Nb5 d6 6. N1c3 a6 7. Na3 Be6 8.
Bc4 b5 9. Bd5 Rc8 10. Bxc6+ Rxc6 11. Nd5 Qh4 12. Qe2 Bxd5 13. exd5 Rc8 14. Nxb5
Qb4+ 15. Nc3 Rxc3 16. Bd2 Qxb2 17. O-O Rc8 18. Qxa6 Rb8 19. Qc6+ Ke7 20. a4 Nf6
21. a5 Qb5 22. Qxb5 Rxb5 23. a6 Rb8 24. a7 Ra8 25. Bg5 Kd7 26. Bxf6 gxf6 27.
Rfb1 Bh6 28. Rb7+ Kc8 29. Rab1 Rxa7 30. Rxa7 Rf8 31. Rbb7 1-0

[Event "4NCL Division 3 North"]
[Site "Wakefield, ENG"]
[Date "2017.03.19"]
[Round "8.63"]
[White "Taylor, Robert P"]
[Black "Turner, John M"]
[Result "0-1"]
[WhiteElo "1884"]
[BlackElo "2008"]
[PlyCount "80"]
[EventDate "2017.03.19"]
[WhiteTeam "Ashfield Breadsall 2"]
[BlackTeam "Holmes Chapel"]

1. d4 d5 2. Bg5 h6 3. Bh4 c6 4. e3 Qb6 5. Qc1 Bf5 6. Nf3 Nd7 7. Be2 e6 8. O-O
Be7 9. Bxe7 Nxe7 10. c4 O-O 11. Nc3 Rac8 12. c5 Qc7 13. b4 e5 14. b5 Bg4 15. a4
e4 16. Nd2 Bxe2 17. Nxe2 b6 18. cxb6 Qxb6 19. Qa3 Rfe8 20. Rab1 cxb5 21. Rxb5
Qa6 22. Nc3 Qc6 23. Rb3 Nb6 24. Nb5 Nc4 25. Nxc4 dxc4 26. Nxa7 Qd7 27. Nxc8
Rxc8 28. Rb6 Nd5 29. Rd6 Qb7 30. a5 Qb4 31. Qxb4 Nxb4 32. Rc1 Na2 33. Rc2 Nb4
34. Rc3 Na2 35. Ra3 Nb4 36. Ra1 c3 37. Rc1 c2 38. d5 Nd3 39. Rc6 Rxc6 40. dxc6
Nxc1 0-1

[Event "4NCL Division 3 North"]
[Site "Wakefield, ENG"]
[Date "2017.03.19"]
[Round "8.64"]
[White "Laurence, Geoff"]
[Black "Flynn, David"]
[Result "1/2-1/2"]
[WhiteElo "1921"]
[BlackElo "1872"]
[PlyCount "39"]
[EventDate "2017.03.19"]
[WhiteTeam "Holmes Chapel"]
[BlackTeam "Ashfield Breadsall 2"]

1. d4 Nf6 2. Nf3 g6 3. Nc3 d5 4. Bf4 Bg7 5. e3 O-O 6. Be2 c5 7. Ne5 Nbd7 8. O-O
e6 9. a3 Ne4 10. Nxe4 dxe4 11. Nxd7 Qxd7 12. c3 cxd4 13. exd4 b6 14. Qb3 Bb7
15. Bb5 Bc6 16. Bxc6 Qxc6 17. Rad1 Rfd8 18. Rfe1 Rac8 19. h3 Qd5 20. Qxd5
1/2-1/2

[Event "4NCL Division 3 North"]
[Site "Wakefield, ENG"]
[Date "2017.03.19"]
[Round "8.65"]
[White "Graham, Neil"]
[Black "Scattergood, Ben"]
[Result "1-0"]
[WhiteElo "1804"]
[BlackElo "1815"]
[PlyCount "65"]
[EventDate "2017.03.19"]
[WhiteTeam "Ashfield Breadsall 2"]
[BlackTeam "Holmes Chapel"]

1. d4 Nf6 2. f3 e6 3. e4 d5 4. Be3 dxe4 5. Nd2 Nc6 6. c3 Nd5 7. Qe2 g6 8. fxe4
Nxe3 9. Qxe3 e5 10. d5 Nb8 11. Ngf3 Nd7 12. Bb5 Bg7 13. O-O O-O 14. Rad1 a6 15.
Ba4 b5 16. Bb3 Nf6 17. Nxe5 Qd6 18. Nef3 Ng4 19. Qe1 Qb6+ 20. Kh1 Ne3 21. Qh4
Bf6 22. Ng5 h5 23. d6 Nxd1 24. Rxf6 Kg7 25. Qf4 Bf5 26. Bxd1 Kxf6 27. exf5 Kg7
28. f6+ Kg8 29. Nge4 Kh7 30. Bxh5 Rfe8 31. Bf3 Qf2 32. h3 cxd6 33. Nxf2 1-0

[Event "4NCL Division 3 North"]
[Site "Wakefield, ENG"]
[Date "2017.03.19"]
[Round "8.66"]
[White "Roberts, Malcolm A"]
[Black "Hill, Maurice J"]
[Result "1-0"]
[WhiteElo "1644"]
[BlackElo "1825"]
[PlyCount "91"]
[EventDate "2017.03.19"]
[WhiteTeam "Holmes Chapel"]
[BlackTeam "Ashfield Breadsall 2"]

1. e4 c5 2. Nf3 a6 3. Nc3 e6 4. d4 cxd4 5. Nxd4 Qc7 6. Bd2 Nf6 7. Bd3 Nc6 8.
Nxc6 bxc6 9. O-O d5 10. exd5 cxd5 11. Re1 Be7 12. Ne2 e5 13. Ng3 g6 14. c3 O-O
15. b4 h5 16. h3 Re8 17. Rc1 e4 18. Bb1 Bb7 19. Be3 Bd6 20. Nf1 Nd7 21. Bd4 f5
22. Qb3 Bf4 23. Be3 Nb6 24. Bxf4 Qxf4 25. Ne3 Kf8 26. Qd1 Rad8 27. Qd4 Qd6 28.
Qh8+ Kf7 29. Qh7+ Kf6 30. Qxb7 f4 31. Qxa6 fxe3 32. Rxe3 Ra8 33. Qf1 Nc4 34.
Re2 Kg7 35. Qd1 Rad8 36. Qd4+ Kh7 37. a4 Qf4 38. Rce1 Nd6 39. Qxd5 Re5 40. Qd2
Qf6 41. Qa2 Rc8 42. Bxe4 Nxe4 43. Rxe4 Rxe4 44. Rxe4 Qxc3 45. Qf7+ Kh6 46. Qf4+
1-0

[Event "4NCL Division 3 North"]
[Site "Wakefield, ENG"]
[Date "2017.03.19"]
[Round "8.71"]
[White "Procter, Colin S"]
[Black "Ukken, Somton"]
[Result "1/2-1/2"]
[WhiteElo "1804"]
[BlackElo "1911"]
[Annotator "Barnes,Lara"]
[PlyCount "22"]
[EventDate "2017.03.19"]
[WhiteTeam "Bradford DCA Knights C"]
[BlackTeam "Ashfield Breadsall 1"]

1. c4 a6 2. g3 Nf6 3. Bg2 g6 4. Nc3 Bg7 5. Nf3 O-O 6. O-O d6 7. d4 Nbd7 8. e4
e5 9. dxe5 Nxe5 10. Nxe5 dxe5 11. Qxd8 Rxd8 1/2-1/2

[Event "4NCL Division 3 North"]
[Site "Wakefield, ENG"]
[Date "2017.03.19"]
[Round "8.72"]
[White "Willow, Jonah B"]
[Black "Clarke, Paul Rh"]
[Result "1-0"]
[WhiteElo "2110"]
[BlackElo "1763"]
[Annotator "Barnes,Lara"]
[PlyCount "61"]
[EventDate "2017.03.19"]
[WhiteTeam "Ashfield Breadsall 1"]
[BlackTeam "Bradford DCA Knights C"]

1. e4 d5 2. Nc3 dxe4 3. Nxe4 Bf5 4. Ng3 Bg6 5. Bc4 e6 6. N1e2 Nf6 7. d4 c6 8.
Nf4 Be7 9. h4 Nd5 10. Bxd5 cxd5 11. h5 Bf5 12. Nxf5 exf5 13. Qf3 O-O 14. Nxd5
Nc6 15. c3 g6 16. Be3 Bg5 17. O-O-O Bxe3+ 18. Nxe3 Re8 19. g4 fxg4 20. Nxg4 f5
21. Nh6+ Kg7 22. hxg6 Qg5+ 23. Kb1 hxg6 24. Rdg1 Qxg1+ 25. Rxg1 Kxh6 26. Qf4+
Kh7 27. Rh1+ Kg7 28. Qh6+ Kf6 29. Qh4+ Kg7 30. Qh7+ Kf6 31. Qxb7 1-0

[Event "4NCL Division 3 North"]
[Site "Wakefield, ENG"]
[Date "2017.03.19"]
[Round "8.73"]
[White "Mahoney, Nicholas"]
[Black "Halfpenny, Glenn"]
[Result "0-1"]
[WhiteElo "1716"]
[BlackElo "2052"]
[Annotator "Barnes,Lara"]
[PlyCount "48"]
[EventDate "2017.03.19"]
[WhiteTeam "Bradford DCA Knights C"]
[BlackTeam "Ashfield Breadsall 1"]

1. d4 Nf6 2. c4 e6 3. Nf3 d5 4. Nc3 Bb4 5. cxd5 exd5 6. Bg5 h6 7. Bh4 g5 8. Bg3
Ne4 9. Rc1 h5 10. h3 Nxg3 11. fxg3 Nc6 12. a3 Bd6 13. Ne5 Nxe5 14. dxe5 Bxe5
15. Qd3 c6 16. e4 d4 17. Nb5 Qa5+ 18. Qd2 Bxg3+ 19. Kd1 Qxd2+ 20. Kxd2 cxb5 21.
Bxb5+ Bd7 22. Bxd7+ Kxd7 23. Rc4 Be5 24. Rc5 f6 0-1

[Event "4NCL Division 3 North"]
[Site "Wakefield, ENG"]
[Date "2017.03.19"]
[Round "8.74"]
[White "Truman, Richard G"]
[Black "Braham, Peter"]
[Result "0-1"]
[WhiteElo "1952"]
[BlackElo "1715"]
[PlyCount "102"]
[EventDate "2017.03.19"]
[WhiteTeam "Ashfield Breadsall 1"]
[BlackTeam "Bradford DCA Knights C"]

1. e4 d6 2. d4 Nf6 3. Nc3 e5 4. Nf3 Nbd7 5. Bc4 Be7 6. O-O h6 7. a4 a5 8. Qe2
c6 9. h3 Qc7 10. Be3 Nf8 11. Nh4 g6 12. dxe5 dxe5 13. f4 Nh5 14. fxe5 Bxh4 15.
Bxf7+ Qxf7 16. Rxf7 Kxf7 17. g4 Ng7 18. Qf3+ Kg8 19. Rf1 Nfe6 20. Rd1 Kh7 21.
Qe2 Rf8 22. Rf1 Bd7 23. Qd3 Rxf1+ 24. Kxf1 Rf8+ 25. Kg2 Rf7 26. Ne2 Bf2 27.
Bxf2 Nf8 28. Be3 Nge6 29. Qd2 g5 30. Ng3 Ng6 31. Qxa5 Nh4+ 32. Kg1 Rf3 33. Nf5
Rxh3 34. Qd2 Nf3+ 35. Kg2 Nxd2 36. Kxh3 Nxe4 37. b3 Ng7 38. Ng3 Nxg3 39. Kxg3
Kg6 40. a5 Kf7 41. Kf3 Ne8 42. c4 Nc7 43. Bb6 Na6 44. Be3 Be6 45. Bd4 Nb8 46.
Bc5 Nd7 47. Bd6 Nf8 48. Kg3 Ng6 49. Kf3 Nf4 50. Bc5 Nd3 51. Bd4 Nc1 0-1

[Event "4NCL Division 3 North"]
[Site "Wakefield, ENG"]
[Date "2017.03.19"]
[Round "8.75"]
[White "Holliday, John K"]
[Black "Burke, Steven J"]
[Result "1/2-1/2"]
[WhiteElo "1652"]
[BlackElo "1900"]
[PlyCount "46"]
[EventDate "2017.03.19"]
[WhiteTeam "Bradford DCA Knights C"]
[BlackTeam "Ashfield Breadsall 1"]

1. c4 Nf6 2. g3 e6 3. Bg2 d5 4. cxd5 exd5 5. e3 Bd6 6. Nc3 c6 7. Nge2 O-O 8.
O-O Re8 9. a3 a5 10. d3 Na6 11. Qc2 Nc5 12. e4 dxe4 13. dxe4 Be6 14. Nd4 Qb6
15. Nxe6 Rxe6 16. Be3 Ng4 17. Bd4 Qb3 18. Qe2 Ne5 19. f4 Ned7 20. f5 Ree8 21.
f6 Ne6 22. Qg4 Ne5 23. Bxe5 Bxe5 1/2-1/2

[Event "4NCL Division 3 North"]
[Site "Wakefield, ENG"]
[Date "2017.03.19"]
[Round "8.76"]
[White "Jarvis, Derek A"]
[Black "Brooke, John"]
[Result "1-0"]
[WhiteElo "1935"]
[BlackElo "1629"]
[PlyCount "89"]
[EventDate "2017.03.19"]
[WhiteTeam "Ashfield Breadsall 1"]
[BlackTeam "Bradford DCA Knights C"]

1. e4 d6 2. d4 Nf6 3. Nc3 g6 4. Be3 Bg7 5. Qd2 Ng4 6. Bg5 h6 7. Bh4 g5 8. Bg3
e5 9. d5 O-O 10. f3 Nf6 11. Bf2 Nh5 12. Bd3 Nf4 13. g3 Nxd3+ 14. cxd3 c6 15.
Nge2 Bh3 16. Rg1 Bd7 17. g4 c5 18. h4 f6 19. Ng3 b5 20. Nf5 Bxf5 21. gxf5 b4
22. Nd1 a5 23. Ne3 Kf7 24. Nc4 Ra6 25. O-O-O Rg8 26. Be3 Bf8 27. Qg2 Be7 28.
Qg4 Ke8 29. Qh5+ Kd7 30. Qxh6 Rh8 31. hxg5 Rxh6 32. gxh6 Bf8 33. h7 Kc7 34.
h8=Q Nd7 35. Rg8 Ra8 36. Rdg1 Qe7 37. Qh5 Rd8 38. Nxa5 Qe8 39. Qxe8 Rxe8 40.
Nc6 Kb6 41. Nxb4 Kb7 42. Nc6 c4 43. a4 Ka6 44. dxc4 Nc5 45. Bxc5 1-0

[Event "4NCL Division 3 North"]
[Site "Wakefield, ENG"]
[Date "2017.03.19"]
[Round "8.81"]
[White "Livesey, R Nigel"]
[Black "Toole, David"]
[Result "1-0"]
[WhiteElo "1870"]
[BlackElo "1952"]
[PlyCount "69"]
[EventDate "2017.03.19"]
[WhiteTeam "Manchester Manticores 4"]
[BlackTeam "Manchester Manticores 3"]

1. c4 Nf6 2. g3 g6 3. Bg2 Bg7 4. Nc3 d6 5. d3 e5 6. e4 Nc6 7. Nge2 O-O 8. O-O
a5 9. h3 Nh5 10. f4 exf4 11. gxf4 Nd4 12. Be3 Nxe2+ 13. Nxe2 c5 14. d4 cxd4 15.
Bxd4 Be6 16. Bxg7 Nxg7 17. Qd4 Rc8 18. b3 Qh4 19. Kh2 b5 20. cxb5 Bg4 21. Qf2
Qh6 22. Nd4 Rc3 23. h4 Ne6 24. Nxe6 fxe6 25. Rac1 Rxc1 26. Rxc1 e5 27. b6 Rxf4
28. Qg3 Be6 29. Rc7 Rg4 30. b7 Qf8 31. Bh3 Qd8 32. Bxg4 Qxc7 33. Bxe6+ Kg7 34.
Bd5 Qb6 35. Qf3 1-0

[Event "4NCL Division 3 North"]
[Site "Wakefield, ENG"]
[Date "2017.03.19"]
[Round "8.82"]
[White "Tyton, Adam"]
[Black "Lyth, John D"]
[Result "1/2-1/2"]
[WhiteElo "1945"]
[BlackElo "1900"]
[Annotator "Barnes,Lara"]
[PlyCount "41"]
[EventDate "2017.03.19"]
[WhiteTeam "Manchester Manticores 3"]
[BlackTeam "Manchester Manticores 4"]

1. e4 e5 2. Nf3 Nc6 3. Bb5 a6 4. Ba4 Nf6 5. O-O Be7 6. Re1 b5 7. Bb3 d6 8. c3
O-O 9. a4 Bd7 10. d3 Na5 11. Bc2 c5 12. Bg5 h6 13. Be3 Ng4 14. Bd2 Nc6 15. h3
Nf6 16. axb5 axb5 17. Rxa8 Qxa8 18. Na3 Qb8 19. Qe2 b4 20. Nc4 bxc3 21. bxc3
1/2-1/2

[Event "4NCL Division 3 North"]
[Site "Wakefield, ENG"]
[Date "2017.03.19"]
[Round "8.83"]
[White "Lonsdale, Jon I"]
[Black "Altham, John T"]
[Result "1/2-1/2"]
[WhiteElo "1817"]
[BlackElo "1922"]
[PlyCount "43"]
[EventDate "2017.03.19"]
[WhiteTeam "Manchester Manticores 4"]
[BlackTeam "Manchester Manticores 3"]

1. e4 e5 2. Nf3 Nc6 3. Bb5 a6 4. Ba4 Nf6 5. Qe2 b5 6. Bb3 Be7 7. c3 O-O 8. O-O
d6 9. Rd1 Na5 10. Bc2 c5 11. d4 Qc7 12. dxe5 dxe5 13. Nbd2 Be6 14. b3 Rfd8 15.
Nf1 Rxd1 16. Qxd1 Nc6 17. Bb2 a5 18. Ne3 Rd8 19. Qe1 b4 20. Rc1 g6 21. Bb1 Qb8
22. h3 1/2-1/2

[Event "4NCL Division 3 North"]
[Site "Wakefield, ENG"]
[Date "2017.03.19"]
[Round "8.84"]
[White "Hilton, Tim"]
[Black "Grindrod, John"]
[Result "1-0"]
[WhiteElo "1930"]
[BlackElo "1862"]
[PlyCount "69"]
[EventDate "2017.03.19"]
[WhiteTeam "Manchester Manticores 3"]
[BlackTeam "Manchester Manticores 4"]

1. c4 c5 2. g3 g6 3. Bg2 Bg7 4. Nc3 Nc6 5. Nf3 Nf6 6. d4 cxd4 7. Nxd4 O-O 8.
O-O a6 9. Nb3 d6 10. h3 Rb8 11. e4 Ne5 12. Qe2 Qc7 13. Nd2 Bd7 14. f4 Nc6 15.
Nb3 Nh5 16. Kh2 Nd4 17. Nxd4 Bxd4 18. Nd5 Qd8 19. g4 Nf6 20. Qd3 Ba7 21. Nxf6+
exf6 22. Qxd6 Bc6 23. c5 Qa5 24. Qxf6 Qxc5 25. f5 Qd4 26. e5 Qd8 27. Bg5 Bxg2
28. Kxg2 Qd5+ 29. Rf3 Rfe8 30. e6 Rf8 31. e7 Rfe8 32. fxg6 hxg6 33. Rd1 Qc4 34.
Bh6 Qc2+ 35. Rd2 1-0

[Event "4NCL Division 3 North"]
[Site "Wakefield, ENG"]
[Date "2017.03.19"]
[Round "8.85"]
[White "Taylor, Mark"]
[Black "Jaques, Andrew"]
[Result "1/2-1/2"]
[WhiteElo "1847"]
[BlackElo "1952"]
[PlyCount "57"]
[EventDate "2017.03.19"]
[WhiteTeam "Manchester Manticores 4"]
[BlackTeam "Manchester Manticores 3"]

1. e4 c6 2. d4 d5 3. exd5 cxd5 4. Bd3 Nc6 5. c3 Qc7 6. Ne2 Bg4 7. f3 Bd7 8. b4
a6 9. b5 axb5 10. Bxb5 e6 11. Bf4 Bd6 12. Bxd6 Qxd6 13. O-O Nf6 14. a4 O-O 15.
Na3 Na5 16. Qd3 Rfc8 17. Rfb1 Bc6 18. Rb4 Nd7 19. Qb1 Qe7 20. Bd3 g6 21. Qc1
Kg7 22. Nc2 h5 23. Qe3 h4 24. Nf4 Nf6 25. Qe5 Kh6 26. Ne3 Nd7 27. Ng4+ Kh7 28.
Qh5+ Kg8 29. Bxg6 1/2-1/2